000 nam a22 7a 4500
999 _c9063
_d9063
008 180122b ||||| |||| 00| 0 eng d
100 _aGupta R G
_95349
245 _aLab Manual maths
260 _aNew Delhi
_bArya Publication
_c2008